| 000 | 00677nam a2200193Ia 4500 | ||
|---|---|---|---|
| 008 | 140529s9999 xx 000 0 und d | ||
| 020 | _a9781412977982 | ||
| 050 |
_aLB 1742 _b.R63 2010 |
||
| 100 | _aRoberts, Carol M. | ||
| 245 | 4 |
_aThe dissertation journey : _ba practical and comprehensive guide to planning, writing, and defending your dissertation / _cCarol M. Roberts |
|
| 250 | _a2nd ed. | ||
| 260 |
_aThousand Oaks, Calif. : _bCorwin Press, _cc2010. |
||
| 300 |
_a229 p. : _bill. ; _c26 cm. |
||
| 500 | _aIncludes bibliographical references and index. | ||
| 521 | _aGE | ||
| 650 |
_aReport writing _xHandbooks, manuals, etc. |
||
| 942 |
_kFOR _cBK |
||
| 999 |
_c117717 _d117717 |
||